Culture Générale - Série 1709 - Statistiques

Statistiques générales
  • Ce quiz a été pris 108 fois
  • Le résultat moyen est 6 sur 10
Statistiques - réponses
Question Réponse % Correct
Dans le conte d'Antoine de Saint-Exupéry, le Petit Prince demande à l'aviateur : "S'il te plaît, dessine-moi un... mouton
92%
Quelle physicienne française, Isabelle Huppert incarne-t-elle en 1997 dans "Les Palmes de M. Schutz" ? Marie Curie
86%
Dans quel sport établit-on les classements A.T.P. et W.T.A. ? tennis
82%
Quelle nationalité est commune à l'actrice Liv Ullmann, le cycliste Thor Hushovd et le roi Harald V ? Norvégienne
77%
Quel auteur a écrit en 1932 "Voyage au bout de la nuit" ? Louis-Ferdinand Céline
68%
Quelle comédienne et artiste lyrique, prénommée Yvonne, au nom de scène évoquant une saison, fut l'épouse de Sacha Guitry et de Pierre Fresnay ? Yvonne Printemps
54%
Quelle ville est la capitale du Laos ? Vientiane
52%
Quel peintre italien a réalisé les tableaux "La Vierge aux rochers", "La Belle Ferronnière" et "Saint Jean-Baptiste", exposés au musée du Louvre ? Léonard de Vinci
47%
Outre la Grande-Bretagne, quel État européen porte une croix rouge sur son drapeau ? Islande
42%
Quel titre d'un roman de Françoise Sagan fait référence aux battements précipités du coeur, sous l'effet d'une vive émotion ? La Chamade
20%
Aucun quiz correspondant
Distribution des résultats
% des personnes avec chaque résultat
Percentile par nombre de réponses
Votre historique - résultats
Vous n’avez pas pris ce quiz